书目信息 |
| 书名: | The Wages of Motherhood | |
| 作者: | Gwendolyn Mink : | |
| 分册号: | ||
| 分册名: | 出版地: | United States : |
|
| 出版社: | Cornell University Press | |
| 出版时间: | 1995. | |
| 页数: | 198 p. ; | |
| 开本: | 20cm. | |
| 丛书名: | ||
| 中图分类号: | ||
| 科图分类号: | ||
| 其他分类号: | F061.4 | |
| 主题词: | ||
| 电子资源: | ||
| 000 | 00443nam 2200145 a 4500 | |
| 001 | E0759476905 | |
| 005 | 20070519163358.96 | |
| 008 | 070519s1995 00010 eng | |
| 020 | @a0-8014-2234-5. | |
| 040 | @aPFT@beng | |
| 090 | @aF061.4 | |
| 099 | @dF061.4@ex61 | |
| 245 | @aThe Wages of Motherhood / @cGwendolyn Mink :@bInequality in the welfare state,1917-1942. | |
| 260 | @aUnited States :@bCornell University Press,@c1995. | |
| 300 | @a198 p. ;@c20cm. | |
| The Wages of Motherhood / / Gwendolyn Mink : : Inequality in the welfare state,1917-1942.-United States : : Cornell University Press, , 1995. |
| 198 p. ; ; 20cm. |
| ISBN 0-8014-2234-5. |
| ● |
| 相关链接 |
|
|
|
|
正题名:The Wages of Motherhood
索取号:F061.4/x61
 
预约/预借
| 序号 | 登录号 | 条形码 | 馆藏地/架位号 | 状态 | 备注 |
| 1 | 0010753 | 300107532 | 第二样本阅览室/ [索取号:F061.4/x61] | 在馆 |